LEADER 03227nam 2200553 450 001 9910788560503321 005 20230803200335.0 010 $a3-11-040322-6 024 7 $a10.1515/9783110403145 035 $a(CKB)3280000000039182 035 $a(EBL)1744520 035 $a(MiAaPQ)EBC1744520 035 $a(DE-B1597)444144 035 $a(OCoLC)979912461 035 $a(DE-B1597)9783110403145 035 $a(Au-PeEL)EBL1744520 035 $a(CaPaEBR)ebr11015864 035 $a(CaONFJC)MIL806991 035 $a(OCoLC)904403402 035 $a(EXLCZ)993280000000039182 100 $a20150214h20142014 uy 0 101 0 $ager 135 $aur|n|---||||| 181 $2rdacontent 182 $2rdamedia 183 $2rdacarrier 200 10$aInternationale bibliographie zur germanistischen lexikographie und wo?rterbuchforschung$hBand 4, Nachtra?ge $eMit Beru?cksichtigung anglistischer, nordistischer, romanistischer, slavistischer und weiterer metalexikographischer Forschungen /$fHerbert Ernst Wiegand 210 1$aBerlin, Germany :$cDe Gruyter,$d2014. 210 4$d©2014 215 $a1 online resource (744 p.) 225 0 $aInternationale Bibliographie zur germanistischen Lexikographie und Wörterbuchforschung ;$vBand 4 300 $aDescription based upon print version of record. 311 $a3-11-019649-2 311 $a3-11-040314-5 327 $tFrontmatter -- $tVorbemerkung -- $tInhaltsverzeichnis -- $tTitelstrecke A. Nachträge -- $tTitelstrecke B. Nachträge -- $tTitelstrecke C. Nachträge -- $tTitelstrecke D. Nachträge -- $tTitelstrecke E. Nachträge -- $tTitelstrecke F. Nachträge -- $tTitelstrecke G. Nachträge -- $tTitelstrecke H. Nachträge -- $tTitelstrecke I. Nachträge -- $tTitelstrecke J. Nachträge -- $tTitelstrecke K. Nachträge -- $tTitelstrecke L. Nachträge -- $tTitelstrecke M. Nachträge -- $tTitelstrecke N. Nachträge -- $tTitelstrecke O. Nachträge -- $tTitelstrecke P. Nachträge -- $tTitelstrecke Q. Nachträge -- $tTitelstrecke R. Nachträge -- $tTitelstrecke S. Nachträge -- $tTitelstrecke T. Nachträge -- $tTitelstrecke U. Nachträge -- $tTitelstrecke V. Nachträge -- $tTitelstrecke W. Nachträge -- $tTitelstrecke X, Y. Nachträge -- $tTitelstrecke Z. Nachträge 330 $aDie Titelnachträge im Band 4 der ?Internationalen Bibliographie zur germanistischen Lexikographie und Wörterbuchforschung. Mit Berücksichtigung anglistischer, nordistischer, romanistischer, slavistischer und weiterer metalexikographischer Forschungen? betreffen nicht nur den Zeitraum von 2007 bis 2014, sondern auch Arbeiten, die vor 2007 erschienen sind. Ein 5. Band, der das Sachregister enthält, erscheint voraussichtlich 2015. 606 $aGerman language$vDictionaries$vBibliography 606 $aGerman language$xLexicography$vBibliography 615 0$aGerman language 615 0$aGerman language$xLexicography 676 $a016.433 700 $aWiegand$b Herbert Ernst$0165134 801 0$bMiAaPQ 801 1$bMiAaPQ 801 2$bMiAaPQ 906 $aBOOK 912 $a9910788560503321 996 $aInternationale bibliographie zur germanistischen lexikographie und wo?rterbuchforschung$93673901 997 $aUNINA LEADER 03163nas 2200865-a 450 001 996215395403316 005 20240322160208.0 011 $a1554-3528 035 $a(DE-599)ZDB2212635-1 035 $a(OCoLC)57493288 035 $a(CKB)1000000000024955 035 $a(CONSER)--2005213250 035 $a(EXLCZ)991000000000024955 100 $a20050126a20059999 --- a 101 0 $aeng 135 $aur||||||||||| 181 $ctxt$2rdacontent 182 $cc$2rdamedia 183 $acr$2rdacarrier 200 10$aBehavior research methods /$fPsychonomic Society 210 1$aAustin, Texas :$cPsychonomic Society,$d2005- 300 $aRefereed/Peer-reviewed 311 $a1554-351X 517 3 $aBRM 531 $aBEHAV RES METHODS 531 $aBEHAV. RES. METHODS 531 0 $aBehav. res. meth. 606 $aPsychology, Experimental$xMethodology$vPeriodicals 606 $aPsychological apparatus$vPeriodicals 606 $aInformation storage and retrieval systems$xPsychology, Experimental$vPeriodicals 606 $aBehavioral Research$xmethods 606 $aResearch Design 606 $aBehavioral Research$xmethods$vPeriodicals 606 $aPsychology, Experimental$xmethods$vPeriodicals 606 $aResearch Design$vPeriodicals 606 $aPsychology, Experimental$xmethods 606 $aBehavioral Research$xmethod 606 $aResearch Desig 606 $aPsychologie expérimentale$xMéthodologie$vPériodiques 606 $aPsychologie$xAppareils$vPériodiques 606 $aSystèmes d'information$xPsychologie expérimentale$vPériodiques 606 $aPsychological apparatus$2fast$3(OCoLC)fst01081336 606 $aInformation storage and retrieval systems$xPsychology, Experimental$2fast$3(OCoLC)fst02026786 606 $aPsychology, Experimental$xMethodology$2fast$3(OCoLC)fst01081588 606 $aPsychologie$2gtt 606 $aOnderzoeksmethoden$2gtt 608 $aPeriodical 608 $aPeriodicals.$2fast 608 $aPeriodicals.$2lcgft 608 $aPériodiques.$2rvmgf 615 0$aPsychology, Experimental$xMethodology 615 0$aPsychological apparatus 615 0$aInformation storage and retrieval systems$xPsychology, Experimental 615 12$aBehavioral Research$xmethods 615 22$aResearch Design 615 12$aBehavioral Research$xmethods 615 22$aPsychology, Experimental$xmethods 615 22$aResearch Design 615 22$aPsychology, Experimental$xmethods 615 12$aBehavioral Research$xmethod. 615 22$aResearch Desig. 615 6$aPsychologie expérimentale$xMéthodologie 615 6$aPsychologie$xAppareils 615 6$aSystèmes d'information$xPsychologie expérimentale 615 7$aPsychological apparatus. 615 7$aInformation storage and retrieval systems$xPsychology, Experimental. 615 7$aPsychology, Experimental$xMethodology. 615 17$aPsychologie. 615 17$aOnderzoeksmethoden. 676 $a150 712 02$aPsychonomic Society. 906 $aJOURNAL 912 $a996215395403316 996 $aBehavior research methods$91412485 997 $aUNISA LEADER 01396nam0 22003493i 450 001 UBO3255884 005 20251003044423.0 010 $a0262193167 100 $a20130322d1992 ||||0itac50 ba 101 | $aeng 102 $aus 181 1$6z01$ai $bxxxe 182 1$6z01$an 200 1 $aTelerobotics, automation, and human supervisory control$fThomas B. Sheridan 210 $aCambridge$aLondon$cMIT press$dc1992 215 $axx, 393$cill.$d24 cm. 606 $aAutomi$xControllo$2FIR$3MILC016323$9E 676 $a620$9INGEGNERIA E ATTIVITA' AFFINI$v14 676 $a620.46$9INGEGNERIA PER SPECIFICI TIPI DI AMBIENTE GEOGRAFICO, TECNOLOGIA DELLE PARTICELLE FINI, DEL CONTROLLO A DISTANZA, DELLE SUPERFICI. CONTROLLO A DISTANZA E TELECOMANDO$v22 696 $aControlli$aVigilanza$aRobot 699 $aControllo$zControlli 699 $aControllo$zVigilanza 699 $aAutomi$yRobot 700 1$aSheridan$b, Thomas B.$3SBLV090958$4070$0492149 801 3$aIT$bIT-000000$c20130322 850 $aIT-BN0095 901 $bNAP 01$cSALA DING $n$ 912 $aUBO3255884 950 0$aBiblioteca Centralizzata di Ateneo$b1 v.$c1 v.$d 01SALA DING 620 SHE.te$e 0102 0000034525 VMA A4 1 v.$fY $h20000719$i20130322 977 $a 01 996 $aTelerobotics, automation and human supervisory control$9331128 997 $aUNISANNIO